| 000 | 00545nam a2200229Ia 4500 | ||
|---|---|---|---|
| 003 | OSt | ||
| 005 | 20230620144619.0 | ||
| 008 | 210423s2004 xx 000 0 und d | ||
| 020 | _a8120413830 | ||
| 040 | _cAL | ||
| 041 | _aeng | ||
| 082 | _a576.196314 RAON | ||
| 100 |
_aRAO (N S Subba). _996953 |
||
| 245 | _aSoil microbiology. | ||
| 250 | _a4 | ||
| 260 |
_aNew Delhi _bOxford University Press _c2004 |
||
| 300 | _a407 | ||
| 365 |
_b285 _cINR |
||
| 650 |
_aMicrobiology _996954 |
||
| 906 | _amicrobiology. ; Soil | ||
| 942 |
_2ddc _cBK |
||
| 999 |
_c163080 _d163080 |
||